00629nam a2200145Ia 4500008004100000024006800041100009900109110001700208245005000225260002600275600002500301650003300326856010700359999001700466260210s9999 xx 000 0 und d a19B-107-SE, 19B-121-SE, 19B-106-SE, 19B-085-SE & 19B-100-SE aMuhammad Adeel Siddiqui, Abdul Muteeb Shera, Muhammad Bilal, M Ibtesam Hussain & Samiullah aUsman Waheed 0aTutor for understanding the miraculious Quran aKarachi:bUITU,c2019 aSoftware engineering aBachelor of Engineering (BE) uhttps://drive.google.com/file/d/1-XRE4tsOmYRhe9BrGV2-Awebc95H-8W8/view?usp=sharingyClick here for PDF c33485d33485